000 00471nam a22001577a 4500
005 20251108165353.0
008 250721s1993 xx 000 0 ara d
082 1 4 _a962/رضا
100 1 _aهلال، رضا
245 1 0 _aتحديث التخلف :
_bالدولة و المجتمع و الإسلام في مصر /
264 1 _aالقاهرة :
_bسينا للنشر،
_c1993.
300 _a238ص
650 1 7 _aتاريخ مصر
942 _2ddc
_cBK
999 _c26263
_d26263